Kérdések egy válaszra - C. G. Jung: Válasz Jób könyvére. Akadémiai, 1992.
Elmentve itt :
| Szerző: | |
|---|---|
| Adatforrás: | Philobibl |
| Forrásdokumentuma: | Határ 1 1992/3., 116-118. p. |
| Dokumentumtípus: | Cikk |
| Nyelv: | magyar |
| LEADER | 00353nab a2200097 c 4500 | ||
|---|---|---|---|
| 001 | bibDOK00004080 | ||
| 005 | 20200924120018.3 | ||
| 008 | 060518s1992 xx hun | ||
| 100 | 1 | |a Szentpáli Gavallér Zsuzsa | |
| 245 | 1 | 0 | |a Kérdések egy válaszra - C. G. Jung: Válasz Jób könyvére. Akadémiai, 1992. |c Szentpáli Gavallér Zsuzsa |
| 773 | 0 | |t Határ 1 |g 1992/3., 116-118. p. | |